000
00270nam a2200085Ia 4500
245
0
_a
Soccer chic : soccer life the South African way
100
_a
FRASER, Craig Cape Town, South Africa, [c.2010]
_9
85927
942
_c
BK
008
210817s9999 xx 000 0 und d
999
_c
323950
_d
323949